Luật ngân sách Nhà nước và những văn bản hướng dẫn thi hành
Gồm luật ngân sách nhà nước và những văn bản của Bộ tài chính, kho bạc nhà nước hướng dẫn thi hành: Phân cấp quản lý, lập và chấp hành quyết toán ngân sách nhà nước
Đã lưu trong:
| 格式: | 图书 |
|---|---|
| 语言: | Undetermined |
| 出版: |
Hà Nội
Tài Chính
1997
|
| 主题: | |
| 标签: |
添加标签
没有标签, 成为第一个标记此记录!
|
| Thư viện lưu trữ: | Trung tâm Học liệu Trường Đại học Cần Thơ |
|---|
| LEADER | 00842nam a2200205Ia 4500 | ||
|---|---|---|---|
| 001 | CTU_22009 | ||
| 008 | 210402s9999 xx 000 0 und d | ||
| 020 | |c 30000 | ||
| 082 | |a 343.597034 | ||
| 082 | |b L504 | ||
| 245 | 0 | |a Luật ngân sách Nhà nước và những văn bản hướng dẫn thi hành | |
| 260 | |a Hà Nội | ||
| 260 | |b Tài Chính | ||
| 260 | |c 1997 | ||
| 520 | |a Gồm luật ngân sách nhà nước và những văn bản của Bộ tài chính, kho bạc nhà nước hướng dẫn thi hành: Phân cấp quản lý, lập và chấp hành quyết toán ngân sách nhà nước | ||
| 650 | |a Budget | ||
| 650 | |x Law and legislation | ||
| 650 | |z Vietnam | ||
| 904 | |i Huỳnh Mai | ||
| 980 | |a Trung tâm Học liệu Trường Đại học Cần Thơ | ||